[Event "Roquetas de Mar op 35th"]
[Site "Roquetas de Mar"]
[Date "2024.01.04"]
[Round "4"]
[White "Alshameary Puente, Ismael"]
[Black "Korneev, Oleg"]
[Result "1/2-1/2"]
[WhiteElo "2317"]
[BlackElo "2474"]
[PlyCount "46"]
[EventDate "2024.01.02"]
[EventType "swiss"]
[EventRounds "9"]
[EventCountry "ESP"]
[SourceTitle "CB02_2024"]
[SourceDate "2024.01.10"]
[SourceVersion "1"]
[SourceVersionDate "2024.01.10"]
[SourceQuality "1"]

1. d4 d5 2. c4 c6 3. Nc3 Nf6 4. e3 e6 5. Nf3 Nbd7 6. Be2 Bd6 7. b3 0-0 8. Bb2 b6 9. 0-0 Bb7 10. Bd3 Qe7 11. e4 dxc4 12. bxc4 e5 13. d5 Ba3 14. Bxa3 Qxa3 15. Qb3 Qe7 16. Rfe1 Nc5 17. Qa3 Ne8 18. Na4 f6 19. Rab1 Rf7 20. Rbd1 Kf8 21. Rb1 Kg8 22. Rbd1 Kf8 23. Rb1 Kg8 1/2-1/2

[Event "Huelva 3rd"]
[Site "Huelva"]
[Date "2023.12.30"]
[Round "8"]
[White "Alshameary Puente, Ismael"]
[Black "Ribeiro, Gustavo"]
[Result "1-0"]
[WhiteElo "2316"]
[BlackElo "2187"]
[PlyCount "81"]
[EventDate "2023.12.26"]
[EventType "tourn"]
[EventRounds "9"]
[EventCountry "ESP"]
[EventCategory "2"]
[SourceTitle "CB01_2024"]
[SourceDate "2024.01.03"]
[SourceVersion "1"]
[SourceVersionDate "2024.01.03"]
[SourceQuality "1"]

1. d4 Nf6 2. c4 e6 3. Nc3 Bb4 4. e3 d5 5. a3 Bxc3+ 6. bxc3 0-0 7. f3 c5 8. cxd5 exd5 9. Bd3 b6 10. Ne2 Ba6 11. 0-0 Bxd3 12. Qxd3 Re8 13. Ng3 Nc6 14. Bb2 Qd7 15. e4 dxe4 16. fxe4 c4 17. Qf3 Qg4 18. Qf2 Re7 19. Rae1 Rae8 20. e5 Nd5 21. Nf5 Rc7 22. h3 Qg6 23. Qf3 Rd8 24. Re4 Nce7 25. Nd6 f5 26. Ree1 Rf8 27. a4 f4 28. Ba3 Qe6 29. Ne4 h6 30. a5 g5 31. Qh5 Kg7 32. Bd6 Rcc8 33. axb6 axb6 34. Nf6 Rf7 35. h4 Qf5 36. hxg5 hxg5 37. Nxd5 Nxd5 38. e6 Ra7 39. Re5 Nf6 40. Qf7+ Rxf7 41. Rxf5 1-0

[Event "Huelva 3rd"]
[Site "Huelva"]
[Date "2023.12.28"]
[Round "4"]
[White "Alshameary Puente, Ismael"]
[Black "Ribeiro, Rodrigo"]
[Result "1-0"]
[WhiteElo "2316"]
[BlackElo "2126"]
[PlyCount "87"]
[EventDate "2023.12.26"]
[EventType "tourn"]
[EventRounds "9"]
[EventCountry "ESP"]
[EventCategory "2"]
[SourceTitle "CB01_2024"]
[SourceDate "2024.01.03"]
[SourceVersion "1"]
[SourceVersionDate "2024.01.03"]
[SourceQuality "1"]

1. d4 d5 2. c4 e6 3. Nf3 Nf6 4. g3 Be7 5. Bg2 c6 6. 0-0 0-0 7. Qc2 b6 8. Rd1 Nbd7 9. b3 Bb7 10. Nc3 Qc8 11. e4 Nxe4 12. Nxe4 dxe4 13. Qxe4 c5 14. Qe2 Bf6 15. Bb2 Rd8 16. Rd2 cxd4 17. Bxd4 Bxd4 18. Nxd4 Bxg2 19. Kxg2 Qb7+ 20. Qf3 Qxf3+ 21. Kxf3 Nf6 22. Rad1 Rdc8 23. Nc6 Kf8 24. Ne5 Ke8 25. b4 Rc7 26. b5 a6 27. a4 axb5 28. axb5 Ra3+ 29. Kg2 Ra8 30. Rd6 Rb7 31. R1d4 Rc8 32. f4 g6 33. g4 h6 34. h4 Ra8 35. g5 hxg5 36. hxg5 Ng8 37. Nc6 Kf8 38. Rd8+ Rxd8 39. Rxd8+ Kg7 40. Kf3 f6 41. Rd6 e5 42. gxf6+ Nxf6 43. Nxe5 Rb8 44. Rxf6 1-0

[Event "Lagos op 1st"]
[Site "Lagos"]
[Date "2023.11.01"]
[Round "6"]
[White "Alshameary Puente, Ismael"]
[Black "Gusain, Himal"]
[Result "1/2-1/2"]
[WhiteElo "2307"]
[BlackElo "2437"]
[PlyCount "36"]
[EventDate "2023.10.28"]
[EventType "swiss"]
[EventRounds "9"]
[EventCountry "POR"]
[SourceTitle "Mega2024 Update 01"]
[Source "Chessbase"]
[SourceDate "2023.11.12"]
[SourceVersion "1"]
[SourceVersionDate "2023.11.12"]
[SourceQuality "1"]

1. d4 d5 2. c4 e6 3. Nc3 c5 4. cxd5 exd5 5. Nf3 Nf6 6. Bg5 Be6 7. e3 Nc6 8. Bb5 a6 9. Bxc6+ bxc6 10. Qa4 Qb6 11. Bxf6 gxf6 12. 0-0 Be7 13. dxc5 Qxc5 14. Rac1 Qb6 15. Rfd1 0-0 16. Nd4 Rac8 17. Nxe6 fxe6 18. Qg4+ Kf7 1/2-1/2

[Event "ESP-ch 88th"]
[Site "Marbella"]
[Date "2023.10.19"]
[Round "7"]
[White "Alshameary Puente, Ismael"]
[Black "Plazuelo Pascual, Juan"]
[Result "1/2-1/2"]
[WhiteElo "2307"]
[BlackElo "2437"]
[PlyCount "81"]
[EventDate "2023.10.13"]
[EventType "swiss"]
[EventRounds "9"]
[EventCountry "ESP"]
[SourceTitle "Mega2024 Update 01"]
[Source "Chessbase"]
[SourceDate "2023.11.12"]
[SourceVersion "1"]
[SourceVersionDate "2023.11.12"]
[SourceQuality "1"]

1. d4 d5 2. c4 e6 3. Nc3 Nf6 4. cxd5 exd5 5. Bg5 Be7 6. e3 h6 7. Bf4 Bf5 8. Nge2 0-0 9. h3 Bh7 10. g4 Nc6 11. Bg2 Nb4 12. 0-0 b6 13. Be5 c6 14. Nf4 Nd7 15. a3 Na6 16. Nd3 Bxd3 17. Qxd3 Nac5 18. Qc2 Nxe5 19. dxe5 Ne6 20. Rac1 a5 21. Rfd1 Qb8 22. Ne2 Qxe5 23. Qxc6 Qxb2 24. Rc2 Qxa3 25. Bxd5 Rad8 26. Qxb6 Ng5 27. Nf4 Bd6 28. h4 Bxf4 29. hxg5 Bxg5 30. Rc7 Kh8 31. Qa7 Qa4 32. Qd4 Qxd4 33. Rxd4 f5 34. gxf5 Rxf5 35. Be4 Rff8 36. Rxd8 Bxd8 37. Ra7 Bb6 38. Rb7 Bc5 39. Bc2 Bb4 40. Kg2 Be1 41. f4 1/2-1/2

[Event "ESP-ch 88th"]
[Site "Marbella"]
[Date "2023.10.13"]
[Round "1"]
[White "Arce Gonzalez, Dario"]
[Black "Alshameary Puente, Ismael"]
[Result "0-1"]
[WhiteElo "1954"]
[BlackElo "2307"]
[PlyCount "88"]
[EventDate "2023.10.13"]
[EventType "swiss"]
[EventRounds "9"]
[EventCountry "ESP"]
[SourceTitle "Mega2024 Update 01"]
[Source "Chessbase"]
[SourceDate "2023.11.12"]
[SourceVersion "1"]
[SourceVersionDate "2023.11.12"]
[SourceQuality "1"]

1. e4 c5 2. Nf3 e6 3. d4 cxd4 4. Nxd4 a6 5. Nc3 b5 6. Bd3 Bb7 7. Be3 Nc6 8. 0-0 Nge7 9. f4 d5 10. Nxc6 Bxc6 11. exd5 Nxd5 12. Nxd5 Qxd5 13. Qe2 Rd8 14. Kh1 Be7 15. a4 bxa4 16. Bxa6 0-0 17. Bd3 Bf6 18. Rad1 Qa5 19. c3 g6 20. Qf2 Qa8 21. Rd2 Rd7 22. Rfd1 Rb8 23. Bc5 Rbd8 24. Bf1 Qb7 25. Ba3 Bd5 26. c4 Bc6 27. Qc5 h5 28. Qf2 Kg7 29. Qe2 Qb3 30. Rxd7 Rxd7 31. Rxd7 Bxd7 32. Qd3 Qb7 33. Qd2 Bc6 34. h3 Be4 35. Kh2 h4 36. Qe3 Bc6 37. Qc5 Qc7 38. Kg1 Qd7 39. Kh2 Kh7 40. Qe3 Qd1 41. Qe2 Qd4 42. g3 hxg3+ 43. Kxg3 e5 44. Qg4 Qg1+ 0-1

[Event "Marseille Estival 1st"]
[Site "Marseille"]
[Date "2023.08.02"]
[Round "4"]
[White "Charlier, Antoine"]
[Black "Alshameary Puente, Ismael"]
[Result "1-0"]
[WhiteElo "2016"]
[BlackElo "2322"]
[PlyCount "101"]
[EventDate "2023.07.31"]
[EventType "swiss"]
[EventRounds "9"]
[EventCountry "FRA"]
[SourceTitle "CBM 215 Extra"]
[Source "ChessBase"]
[SourceDate "2023.09.30"]
[SourceVersion "1"]
[SourceVersionDate "2023.09.30"]
[SourceQuality "1"]

1. d4 Nf6 2. c4 e6 3. Nc3 Bb4 4. e3 0-0 5. Bd3 d5 6. Nge2 dxc4 7. Bxc4 e5 8. 0-0 Nc6 9. d5 Ne7 10. e4 Ng6 11. a3 Bd6 12. Ng3 a6 13. Re1 h6 14. h3 Bc5 15. Be3 Bxe3 16. Rxe3 Nf4 17. Rc1 g6 18. Bf1 Re8 19. b4 h5 20. Nge2 b6 21. Nxf4 exf4 22. Re1 Qd6 23. Qd4 Nd7 24. Na4 Ne5 25. Nb2 Bxh3 26. Nc4 Qf6 27. Nxe5 Rxe5 28. Qd3 Bg4 29. Rxc7 f3 30. Rc6 Qd8 31. Qe3 fxg2 32. Bxg2 Rb8 33. Qf4 Qe8 34. f3 Bd7 35. Rcc1 a5 36. Red1 axb4 37. axb4 Qe7 38. Rc7 Rd8 39. Qd2 Rg5 40. d6 Qf6 41. Kf2 Re5 42. Qc3 Be6 43. d7 Qh4+ 44. Kf1 Rg5 45. Qf6 Rg4 46. Qxd8+ Qxd8 47. Rc8 Qxc8 48. dxc8Q+ Bxc8 49. fxg4 Bxg4 50. Rd6 b5 51. Kf2 1-0

[Event "Seville City-ch Blitz"]
[Site "Seville"]
[Date "2023.02.28"]
[Round "5"]
[White "Alshameary Puente, Ismael"]
[Black "Balbuena Fuentes, Mario"]
[Result "1-0"]
[WhiteElo "2336"]
[BlackElo "2258"]
[PlyCount "75"]
[EventDate "2023.02.28"]
[EventType "swiss (blitz)"]
[EventRounds "10"]
[EventCountry "ESP"]
[SourceTitle "CBM 213 Extra"]
[Source "ChessBase"]
[SourceDate "2023.05.31"]
[SourceVersion "1"]
[SourceVersionDate "2023.05.31"]
[SourceQuality "1"]

1. d4 e6 2. c4 b6 3. Nf3 Nf6 4. Nc3 Bb4 5. e3 Bxc3+ 6. bxc3 Bb7 7. Bd3 Ne4 8. 0-0 0-0 9. Nd2 f5 10. f3 Nxd2 11. Bxd2 d6 12. e4 f4 13. g3 e5 14. gxf4 exf4 15. Rf2 c5 16. Qc1 Qh4 17. Rg2 Nc6 18. Kh1 cxd4 19. cxd4 Rac8 20. Qb2 Qh3 21. Be2 Ba6 22. Rag1 Rc7 23. Bc3 Re7 24. d5 Ne5 25. Bxe5 dxe5 26. Qa3 Qd7 27. Qxa6 Rc8 28. Qb5 Qd6 29. Qb3 Rc5 30. a4 Rcc7 31. a5 h6 32. axb6 axb6 33. Rb1 Rb7 34. Qb5 g5 35. Qc6 Qa3 36. Qxh6 Rg7 37. Rxg5 Qe3 38. Rbg1 1-0

[Event "Seville City-ch Blitz"]
[Site "Seville"]
[Date "2023.02.28"]
[Round "10"]
[White "Alshameary Puente, Ismael"]
[Black "Linan Molina, Daniel"]
[Result "1-0"]
[WhiteElo "2336"]
[BlackElo "2088"]
[PlyCount "69"]
[EventDate "2023.02.28"]
[EventType "swiss (blitz)"]
[EventRounds "10"]
[EventCountry "ESP"]
[SourceTitle "CBM 213 Extra"]
[Source "ChessBase"]
[SourceDate "2023.05.31"]
[SourceVersion "1"]
[SourceVersionDate "2023.05.31"]
[SourceQuality "1"]

1. d4 d5 2. c4 c6 3. Nf3 Nf6 4. Nc3 e6 5. Bg5 Nbd7 6. cxd5 cxd5 7. e3 Bb4 8. Bd3 0-0 9. Qc2 h6 10. Bf4 Re8 11. 0-0 b6 12. Nb5 Bb7 13. Bc7 Qe7 14. a3 a6 15. axb4 axb5 16. Qb3 Rec8 17. Rxa8 Bxa8 18. Bg3 Ne4 19. Bxb5 Nd6 20. Bd3 Nc4 21. b5 Bb7 22. Ra1 Nf6 23. h3 Ne4 24. Bf4 Ncd2 25. Nxd2 Nxd2 26. Qd1 Qb4 27. Qg4 g6 28. Bxh6 Ne4 29. Bxe4 dxe4 30. Qf4 Qe7 31. Qg3 Bd5 32. Bg5 Qc7 33. Qh4 f5 34. Bf6 Qf7 35. Qh8# 1-0

[Event "Seville City-ch Blitz"]
[Site "Seville"]
[Date "2023.02.28"]
[Round "9"]
[White "Callejas Rojas, Francisco Miguel"]
[Black "Alshameary Puente, Ismael"]
[Result "0-1"]
[WhiteElo "2319"]
[BlackElo "2336"]
[PlyCount "254"]
[EventDate "2023.02.28"]
[EventType "swiss (blitz)"]
[EventRounds "10"]
[EventCountry "ESP"]
[SourceTitle "CBM 213 Extra"]
[Source "ChessBase"]
[SourceDate "2023.05.31"]
[SourceVersion "1"]
[SourceVersionDate "2023.05.31"]
[SourceQuality "1"]

1. d4 Nf6 2. Nf3 d5 3. e3 c5 4. Nbd2 cxd4 5. exd4 Bf5 6. c3 Nc6 7. Nh4 Bd7 8. Bd3 e6 9. Nhf3 Bd6 10. 0-0 Qc7 11. Re1 0-0 12. Nf1 h6 13. Ng3 Rab8 14. Qe2 b5 15. Bxb5 Rxb5 16. Qxb5 Nxd4 17. Qd3 Nxf3+ 18. Qxf3 e5 19. Nh5 Ne4 20. Be3 f5 21. Rad1 f4 22. Bc1 Bc6 23. Qe2 Bc5 24. Rf1 Qb6 25. b4 Be7 26. Qd3 Qb7 27. f3 Nf6 28. Nxf6+ Bxf6 29. Rfe1 Rc8 30. Bb2 Rd8 31. Qc2 Bb5 32. c4 Bxc4 33. Bxe5 Bxe5 34. Rxe5 Qxb4 35. Qd2 Qb6+ 36. Kh1 Qf6 37. Ree1 Rb8 38. a3 Rb2 39. Qd4 Qg6 40. Rg1 Ra2 41. Qc3 Qf5 42. Qb4 Qc2 43. Qb8+ Kh7 44. Qxa7 Rb2 45. Qd4 Rb3 46. Qxf4 Rxa3 47. Qd2 Qg6 48. Rc1 Rd3 49. Qc2 Qg5 50. Rcd1 Qg6 51. Rxd3 Bxd3 52. Qd2 Bc4 53. Qd4 Qf5 54. Rd1 Qc2 55. Qd2 Qf5 56. Kg1 Qg6 57. Rc1 Qf5 58. Rc3 Qb1+ 59. Rc1 Qb6+ 60. Qf2 Qg6 61. Rd1 Qf5 62. h3 Kh8 63. Rd4 Qe5 64. Rd2 Qa1+ 65. Kh2 Qe5+ 66. Qg3 Qe3 67. Qb8+ Kh7 68. Qb1+ Kh8 69. Qd1 Qf4+ 70. Kh1 Qg5 71. Rd4 Qe5 72. Rg4 Qe7 73. Qd4 Qe1+ 74. Kh2 Qe7 75. Rg3 Qc7 76. h4 Qe7 77. Qf4 Kg8 78. Qd4 Kh8 79. Qf4 Kg8 80. Rg4 Kh7 81. Qd4 Qc7+ 82. g3 Qe7 83. Qb2 Qf7 84. Kg2 Qe7 85. Qc2+ Kh8 86. Qb2 Kh7 87. Qd2 Kh8 88. Qc2 Qf6 89. Qd2 Qe7 90. Rf4 Kg8 91. Rd4 Qe6 92. g4 Qf7 93. h5 Qe6 94. Kh3 Bf1+ 95. Kg3 Qe5+ 96. Kf2 Bc4 97. Kg2 Qe6 98. Qf2 Qe5 99. Rd2 Qe6 100. Rd1 Qe5 101. Re1 Qf6 102. Qe3 Kh8 103. Rd1 Qb2+ 104. Rd2 Qa1 105. Qe8+ Kh7 106. Qe3 Qf1+ 107. Kh2 Qa1 108. Qf2 Qe5+ 109. f4 Qe6 110. Kg3 Qa6 111. Qd4 Qa3+ 112. Kh2 Qf3 113. Qf2 Qxg4 114. f5 Qxh5+ 115. Kg2 Qg5+ 116. Kh2 Qf6 117. Qf4 Qf7 118. Rg2 Bd3 119. Rf2 Qf6 120. Qg4 Be4 121. Qf4 Kg8 122. Qb8+ Qf8 123. Qxf8+ Kxf8 124. Kg3 Kf7 125. Kf4 Kf6 126. Kg4 Bd3 127. Rf3 Be2 0-1

[Event "Seville City-ch Blitz"]
[Site "Seville"]
[Date "2023.02.28"]
[Round "4"]
[White "Silva Lucena, Cristian"]
[Black "Alshameary Puente, Ismael"]
[Result "0-1"]
[WhiteElo "2303"]
[BlackElo "2336"]
[PlyCount "70"]
[EventDate "2023.02.28"]
[EventType "swiss (blitz)"]
[EventRounds "10"]
[EventCountry "ESP"]
[SourceTitle "CBM 213 Extra"]
[Source "ChessBase"]
[SourceDate "2023.05.31"]
[SourceVersion "1"]
[SourceVersionDate "2023.05.31"]
[SourceQuality "1"]

1. e4 c5 2. Nf3 d6 3. d4 cxd4 4. Nxd4 Nf6 5. Nc3 a6 6. Bg5 e6 7. f4 h6 8. Bh4 Qb6 9. Bxf6 gxf6 10. Qd2 Qxb2 11. f5 Qxa1+ 12. Kf2 Nc6 13. fxe6 fxe6 14. Nb3 Qb2 15. Be2 h5 16. Na4 Qe5 17. Nb6 Rb8 18. Bf3 Be7 19. a4 Bd8 20. Nc4 Qg5 21. Nxd6+ Ke7 22. Qd3 Bb6+ 23. Ke2 Ne5 24. Qc3 Nxf3 25. Qxf3 Qg4 26. Nc4 Qxf3+ 27. Kxf3 Bc7 28. a5 Bd7 29. g3 Bc6 30. Ke3 h4 31. gxh4 Rxh4 32. Rg1 Rxe4+ 33. Kd3 Rd8+ 34. Kc3 Be5+ 35. Kb4 Bb5 0-1

[Event "Seville op 48th"]
[Site "Seville"]
[Date "2023.01.19"]
[Round "7"]
[White "Alshameary Puente, Ismael"]
[Black "Martinez Ramirez, Lennis"]
[Result "1/2-1/2"]
[WhiteElo "2309"]
[BlackElo "2425"]
[PlyCount "56"]
[EventDate "2023.01.13"]
[EventType "swiss"]
[EventRounds "9"]
[EventCountry "ESP"]
[SourceTitle "CBM 212 Extra"]
[Source "ChessBase"]
[SourceDate "2023.03.31"]
[SourceVersion "1"]
[SourceVersionDate "2023.03.31"]
[SourceQuality "1"]

1. d4 e6 2. c4 b6 3. e4 Bb7 4. Nc3 Bb4 5. Qc2 Qh4 6. Bd3 f5 7. Nf3 Bxc3+ 8. Qxc3 Qg4 9. exf5 Qxg2 10. d5 Qxf3 11. Qxg7 Na6 12. Bg5 Nc5 13. Qxh8 Nxd3+ 14. Kd2 Qxf2+ 15. Kxd3 Qxf5+ 16. Ke2 Qxg5 17. Rhg1 Qh5+ 18. Ke3 Qh6+ 19. Kd3 Ke7 20. Rxg8 Qh3+ 21. Kd4 Qxh2 22. Rxa8 Qd2+ 23. Ke4 exd5+ 24. Kf5 Qf2+ 25. Kg4 Qg2+ 26. Kf4 Qf2+ 27. Kg4 Qg2+ 28. Kf4 Qf2+ 1/2-1/2

[Event "Roquetas de Mar op 34th"]
[Site "Roquetas de Mar"]
[Date "2023.01.05"]
[Round "5"]
[White "Sousa, Andre Ventura"]
[Black "Alshameary Puente, Ismael"]
[Result "1-0"]
[WhiteElo "2465"]
[BlackElo "2309"]
[PlyCount "75"]
[EventDate "2023.01.03"]
[EventType "swiss"]
[EventRounds "9"]
[EventCountry "ESP"]
[SourceTitle "CBM 212 Extra"]
[Source "ChessBase"]
[SourceDate "2023.03.31"]
[SourceVersion "1"]
[SourceVersionDate "2023.03.31"]
[SourceQuality "1"]

1. e4 c5 2. Nf3 d6 3. d4 cxd4 4. Nxd4 Nf6 5. Nc3 Nc6 6. Bg5 e6 7. Qd2 a6 8. 0-0-0 Bd7 9. Kb1 b5 10. Nxc6 Bxc6 11. f3 Be7 12. h4 h6 13. Be3 h5 14. Bf4 b4 15. Ne2 e5 16. Bg5 a5 17. Ng3 g6 18. Bxf6 Bxf6 19. Qxd6 Qxd6 20. Rxd6 Rd8 21. Rxd8+ Bxd8 22. Bc4 Bb6 23. Ne2 Ke7 24. Rf1 Rd8 25. Bd3 Ke6 26. g4 Rh8 27. g5 Rd8 28. f4 exf4 29. Rxf4 Rd6 30. a3 Be8 31. axb4 axb4 32. e5 Rc6 33. Bb5 Rxc2 34. Kxc2 Bxb5 35. Rxb4 Bxe2 36. Rxb6+ Kxe5 37. Kd2 Bc4 38. Ke3 1-0

[Event "ESP-ch 87th"]
[Site "Linares"]
[Date "2022.08.18"]
[Round "9"]
[White "Bernabeu Lopez, Carlos Javier"]
[Black "Alshameary Puente, Ismael"]
[Result "0-1"]
[WhiteElo "2421"]
[BlackElo "2324"]
[PlyCount "76"]
[EventDate "2022.08.11"]
[EventType "swiss"]
[EventRounds "9"]
[EventCountry "ESP"]
[SourceTitle "CBM 209 Extra"]
[Source "ChessBase"]
[SourceDate "2022.09.30"]
[SourceVersion "1"]
[SourceVersionDate "2022.09.30"]
[SourceQuality "1"]

1. e4 c5 2. Nf3 a6 3. c4 Nc6 4. d4 cxd4 5. Nxd4 Nf6 6. Nc3 e5 7. Nf5 d5 8. cxd5 Bxf5 9. exf5 Nd4 10. Bd3 Be7 11. 0-0 0-0 12. Bg5 Nxd5 13. Nxd5 Bxg5 14. Be4 Re8 15. Qg4 Rc8 16. Rad1 Bf6 17. Rd3 Rc5 18. Ne3 Qb6 19. b4 Qxb4 20. Nd5 Rxd5 21. Bxd5 e4 22. Qh5 Re7 23. Re3 Qa5 24. Rc1 Nc6 25. Bxc6 bxc6 26. Rxc6 g6 27. Qh6 Qxf5 28. Rb3 Re8 29. Qd2 Bg5 30. Qe2 Rd8 31. Rc2 h5 32. Rcb2 Qf4 33. g3 Qc1+ 34. Kg2 Rd1 35. Rc2 Re1 36. Rb8+ Kg7 37. Qc4 Rg1+ 38. Kh3 Qd1 0-1

[Event "ESP-ch 87th"]
[Site "Linares"]
[Date "2022.08.15"]
[Round "6"]
[White "Alshameary Puente, Ismael"]
[Black "Alonso Garcia, Aaron"]
[Result "0-1"]
[WhiteElo "2324"]
[BlackElo "2369"]
[PlyCount "130"]
[EventDate "2022.08.11"]
[EventType "swiss"]
[EventRounds "9"]
[EventCountry "ESP"]
[SourceTitle "CBM 209 Extra"]
[Source "ChessBase"]
[SourceDate "2022.09.30"]
[SourceVersion "1"]
[SourceVersionDate "2022.09.30"]
[SourceQuality "1"]

1. d4 Nf6 2. c4 e6 3. Nf3 Bb4+ 4. Bd2 Qe7 5. e3 b6 6. Bd3 Bb7 7. 0-0 Bxd2 8. Nbxd2 d6 9. e4 e5 10. Re1 0-0 11. Rb1 a5 12. Rc1 c5 13. d5 Bc8 14. Nf1 Nh5 15. Ne3 g6 16. g3 Ng7 17. Nh4 a4 18. a3 Ra7 19. Qd2 Qd8 20. Nhg2 Re7 21. f3 Qe8 22. Nd1 Na6 23. Nc3 Nc7 24. Rb1 f5 25. Rf1 Ref7 26. Qc2 Bd7 27. b3 fxe4 28. fxe4 axb3 29. Qxb3 Rxf1+ 30. Rxf1 Rxf1+ 31. Bxf1 Qb8 32. Ne3 Nge8 33. Na4 Na8 34. Nc3 Nf6 35. Bd3 Kf7 36. Nb5 Ke7 37. Nd1 Qf8 38. Nbc3 h5 39. Qb2 Qh6 40. Qe2 Qc1 41. Qb2 Qg5 42. Kg2 h4 43. Qf2 Ng4 44. Qe1 Nc7 45. Kg1 hxg3 46. Qxg3 Qh6 47. Be2 Nf6 48. Qe3 g5 49. Nf2 Nce8 50. Ncd1 Qh4 51. Qg3 Qf4 52. Ne3 Ng7 53. Qf3 Be8 54. Ng2 Qc1+ 55. Bf1 Bg6 56. h4 Bh5 57. Qd3 g4 58. Kh2 Bg6 59. Be2 Qb2 60. Kg1 Ngh5 61. Nxg4 Bxe4 62. Qe3 Nxg4 63. Qxe4 Qc1+ 64. Bf1 Qxf1+ 65. Kxf1 Ng3+ 0-1

[Event "Seville op 47th"]
[Site "Seville"]
[Date "2022.07.20"]
[Round "6"]
[White "Maldonado Mena, German"]
[Black "Alshameary Puente, Ismael"]
[Result "0-1"]
[WhiteElo "2061"]
[BlackElo "2352"]
[PlyCount "90"]
[EventDate "2022.07.16"]
[EventType "swiss"]
[EventRounds "9"]
[EventCountry "ESP"]
[SourceTitle "CBM 209 Extra"]
[Source "ChessBase"]
[SourceDate "2022.09.30"]
[SourceVersion "1"]
[SourceVersionDate "2022.09.30"]
[SourceQuality "1"]

1. d4 Nf6 2. c4 e6 3. Nc3 Bb4 4. Qc2 c5 5. dxc5 Bxc5 6. Nf3 Qb6 7. e4 Ng4 8. h3 Bxf2+ 9. Ke2 Ne3 10. Qd3 Nxf1 11. Rxf1 Bc5 12. Na4 Qa5 13. Nxc5 Qxc5 14. b4 Qe7 15. b5 d5 16. Ba3 dxe4 17. Qc3 exf3+ 18. Rxf3 Qg5 19. Raf1 f6 20. Re3 Kf7 21. Rg3 Qh5+ 22. Rff3 Nd7 23. Bb2 Rf8 24. Qe3 b6 25. Rg5 Qh6 26. Rxg7+ Qxg7 27. Rg3 Qh8 28. Qf3 Rb8 29. Ba3 Nc5 30. Bxc5 bxc5 31. Qh5+ Ke7 32. Qxc5+ Ke8 33. Qc7 Bd7 34. Qxb8+ Ke7 35. Qxa7 f5 36. Qc5+ Kf7 37. Rd3 Rd8 38. Qc7 Ke8 39. a4 Qg7 40. Rg3 Qb2+ 41. Ke3 Qc3+ 42. Kf4 Qd4+ 43. Kf3 Ke7 44. c5 Rc8 45. Qb7 Rxc5 0-1

[Event "Dos Hermanas Blitz op 36th"]
[Site "Dos Hermanas"]
[Date "2022.06.04"]
[Round "4"]
[White "Alshameary Puente, Ismael"]
[Black "Henriquez Villagra, Cristobal"]
[Result "0-1"]
[WhiteElo "2352"]
[BlackElo "2620"]
[PlyCount "88"]
[EventDate "2022.06.04"]
[EventType "swiss (blitz)"]
[EventRounds "8"]
[EventCountry "ESP"]
[SourceTitle "CBM 208 Extra"]
[Source "ChessBase"]
[SourceDate "2022.07.31"]
[SourceVersion "1"]
[SourceVersionDate "2022.07.31"]
[SourceQuality "1"]

1. d4 Nf6 2. c4 g6 3. Nc3 Bg7 4. e4 d6 5. Nge2 0-0 6. Ng3 c5 7. d5 e6 8. Be2 exd5 9. cxd5 a6 10. a4 h5 11. Bg5 Qb6 12. Qd2 Nh7 13. Bh6 h4 14. Bxg7 Kxg7 15. Nf1 Re8 16. Ne3 Nf6 17. Nc4 Qc7 18. Qf4 Rd8 19. 0-0 h3 20. g3 Ne8 21. Rfd1 Nd7 22. Bf1 Ne5 23. Nxe5 dxe5 24. Qe3 b6 25. f4 Qe7 26. Be2 Nd6 27. Rf1 f6 28. a5 Rb8 29. axb6 Rxb6 30. Na4 Rb4 31. Nxc5 exf4 32. Rxf4 g5 33. Rf2 Nxe4 34. Nxe4 Rxe4 35. Qd3 Bb7 36. Bf3 Re5 37. Qc3 Bxd5 38. Bxd5 Rdxd5 39. Raf1 Rd6 40. Rf3 Rde6 41. Qd4 Re1 42. Qg4 Qc5+ 43. Kh1 Qd5 44. Qxh3 Qxf3+ 0-1

[Event "La Roda op 48th"]
[Site "La Roda"]
[Date "2022.04.15"]
[Round "5"]
[White "Alshameary Puente, Ismael"]
[Black "Garcia Gata, Jorge David"]
[Result "1/2-1/2"]
[WhiteElo "2344"]
[BlackElo "2106"]
[PlyCount "93"]
[EventDate "2022.04.13"]
[EventType "swiss"]
[EventRounds "9"]
[EventCountry "ESP"]
[SourceTitle "CBM 207 Extra"]
[Source "ChessBase"]
[SourceDate "2022.05.31"]
[SourceVersion "1"]
[SourceVersionDate "2022.05.31"]
[SourceQuality "1"]

1. d4 Nf6 2. c4 c5 3. d5 b5 4. cxb5 a6 5. bxa6 g6 6. Nc3 Bg7 7. e4 0-0 8. e5 Ne8 9. h4 Bxe5 10. Bh6 Bg7 11. Qd2 Qb6 12. Bxg7 Nxg7 13. 0-0-0 Bxa6 14. Nf3 Bxf1 15. Rdxf1 Na6 16. h5 gxh5 17. Ne5 Qd6 18. Nc4 Qg6 19. Rh3 Qxg2 20. Rhh1 Nb4 21. Rhg1 Qf3 22. Rg3 Qf5 23. Rg5 Qf4 24. Qxf4 Nd3+ 25. Kd2 Nxf4 26. Rfg1 Ng6 27. d6 exd6 28. Nxd6 Ne6 29. Rxh5 Nd4 30. Rgh1 Ra6 31. Nde4 f5 32. Ng5 Rd6 33. Kc1 Re8 34. Kb1 Ne2 35. Nb5 Rb6 36. a4 Nd4 37. Nxh7 Nxb5 38. axb5 Re2 39. Rc1 Rxb5 40. Rc2 Rxc2 41. Kxc2 Kg7 42. Ng5 Kf6 43. Nf3 d5 44. Rh6 Kg7 45. Rh5 Kf6 46. Rh6 Kg7 47. Rh5 1/2-1/2

[Event "La Roda op 48th"]
[Site "La Roda"]
[Date "2022.04.14"]
[Round "3"]
[White "Alshameary Puente, Ismael"]
[Black "Hernandez Ramos, David"]
[Result "1-0"]
[WhiteElo "2344"]
[BlackElo "2128"]
[PlyCount "59"]
[EventDate "2022.04.13"]
[EventType "swiss"]
[EventRounds "9"]
[EventCountry "ESP"]
[SourceTitle "CBM 207 Extra"]
[Source "ChessBase"]
[SourceDate "2022.05.31"]
[SourceVersion "1"]
[SourceVersionDate "2022.05.31"]
[SourceQuality "1"]

1. d4 d5 2. c4 dxc4 3. Nf3 Nf6 4. Qa4+ Nbd7 5. Qxc4 e6 6. g3 b6 7. Bg2 Bb7 8. Nc3 c5 9. Bf4 cxd4 10. Nb5 Nd5 11. Nd6+ Bxd6 12. Bxd6 N7f6 13. Ba3 Ne7 14. Rd1 Qd5 15. Rxd4 Qxc4 16. Rxc4 Rc8 17. Rxc8+ Nxc8 18. 0-0 Nd5 19. Rc1 f6 20. e4 Nde7 21. Nd4 e5 22. Nf5 Nc6 23. Nxg7+ Kf7 24. Nf5 Rd8 25. Bf1 Kg6 26. Bb5 Nd4 27. Nxd4 Rxd4 28. f3 Rd8 29. Rc7 Ba8 30. Bd7 1-0

[Event "Casabermeja"]
[Site "Casabermeja"]
[Date "2021.09.12"]
[Round "9"]
[White "Alshameary Puente, Ismael"]
[Black "Blanco Acevedo, Cristobal Jose"]
[Result "1-0"]
[WhiteElo "2349"]
[BlackElo "2369"]
[PlyCount "67"]
[EventDate "2021.09.08"]
[EventType "tourn"]
[EventRounds "9"]
[EventCountry "ESP"]
[EventCategory "7"]
[SourceTitle "CBM 204 Extra"]
[Source "ChessBase"]
[SourceDate "2021.11.30"]
[SourceVersion "1"]
[SourceVersionDate "2021.11.30"]
[SourceQuality "1"]

1. d4 Nf6 2. c4 g6 3. Nc3 Bg7 4. e4 d6 5. Be2 0-0 6. Be3 a6 7. g4 c6 8. h4 Qa5 9. f3 b5 10. Qd2 b4 11. Nd1 c5 12. Nf2 cxd4 13. Bxd4 Nc6 14. Be3 Be6 15. f4 Rfb8 16. f5 Bd7 17. Nf3 Ne5 18. Nxe5 Qxe5 19. Bd4 Qa5 20. h5 e5 21. Be3 Bc6 22. Bf3 Qc7 23. hxg6 fxg6 24. g5 Nd7 25. f6 Bf8 26. Ng4 b3 27. Qh2 Nc5 28. Bxc5 dxc5 29. f7+ Kxf7 30. Qxh7+ Bg7 31. Nh6+ Ke8 32. Rd1 Ra7 33. Qg8+ Bf8 34. Qxg6+ 1-0